| 000 | 00547nam a2200181Ia 4500 | ||
|---|---|---|---|
| 003 | OSt | ||
| 005 | 20260331090905.0 | ||
| 008 | 211028s2010 xx 000 0 und d | ||
| 040 | _cAIMIT LIBRARY | ||
| 041 | _aeng | ||
| 082 | _a658.15 KULV | ||
| 100 |
_aKulkarni, Virupaksha;Shetty, Prathibha. _g816057 _96541 |
||
| 245 | _aA study of business class hotels in mangalore to maximise occupancy for the new entrant mango suites / | ||
| 260 |
_bShetty, Prathibha _c2010 |
||
| 600 |
_aFinance _96542 |
||
| 650 |
_aFinance _96543 |
||
| 942 |
_2ddc _cPRO |
||
| 999 |
_c218272 _d218272 |
||